000
00200 a2200097 4500
001
125571
040
_c
Escola Canadense de Niteroi
090
_a
MUSIC
245
1
0
_a
Jogo Soletrando - CD
942
_c
MATP
999
_c
125571
_d
125571